000 00290nam a22001337a 4500
008 170215b xxu||||| |||| 00| 0 eng d
020 _a0683079166
041 _aeng
080 _225TH
_a61
100 _a4
101 _aSHM
245 _aMEDICAL DICTIONARY
_cSTEDMAN, TH.L
942 _2udc
_cBK
999 _c5576
_d5576